000 01051nam a2200205 u 4500
001 000535520
003 AM-YeHGA
005 20250617135351.0
008 070508s1988 ||| r 000 0 rus d
040 _aAM-YeHGA
041 0 _arus
245 0 0 _aЗоогеографические и экологические исследования териофауны Якутии :
_bСборник научных трудов /
_cАН СССР, Сиб. отд-ние, Якут. фил., Ин-т биологии, Всесоюз. териол. о-во АН СССР, Якут. отд-ние; Редкол.: Ю.В. Лабутин (отв. ред.) и др.
260 _aЯкутск :
_bЯФ СО АН СССР,
_c1988.
300 _a110 с. :
_bил.
504 _aБиблиогр. в конце ст.
653 0 _aМлекопитающие - Якут. АССР
700 1 _aЛабутин, Юрий Васильевич
_eред.
_4edt
710 2 _aИнститут биологии Якутского фил. СО АН СССР
090 _c200536
999 _c199055
_d199055